LEADER 01184nam 2200349 450 001 996213270103316 005 20180301144452.0 035 $a(CKB)2510000000007231 035 $a(WaSeSS)IndRDA00093056 035 $a(EXLCZ)992510000000007231 100 $a20180301d2009 || | 101 0 $aeng 135 $aur||||||||||| 181 $ctxt$2rdacontent 182 $cc$2rdamedia 183 $acr$2rdacarrier 200 00$a2006 Institution of Engineering and Technology Seminar on Systems Engineering in the Railways $e31 May 2006 210 1$aStevenage, England :$cIET,$d2009. 215 $a1 online resource (134 pages) 311 $a0-86341-634-9 606 $aRailroad engineering$vCongresses 606 $aRailroads$xDesign and construction$vCongresses 606 $aRailroads$xSafety measures$vCongresses 615 0$aRailroad engineering 615 0$aRailroads$xDesign and construction 615 0$aRailroads$xSafety measures 801 0$bWaSeSS 801 1$bWaSeSS 906 $aBOOK 912 $a996213270103316 996 $a2006 Institution of Engineering and Technology Seminar on Systems Engineering in the Railways$92526553 997 $aUNISA LEADER 01727oam 2200505 450 001 9910707077603321 005 20180514075729.0 035 $a(CKB)5470000002460709 035 $a(OCoLC)896810891 035 $a(OCoLC)995470000002460709 035 $a(EXLCZ)995470000002460709 100 $a20141123d1986 ua 0 101 0 $aeng 135 $aurmn||||||||| 181 $ctxt$2rdacontent 182 $cc$2rdamedia 183 $acr$2rdacarrier 200 12$aA model for the plastic flow of landslides /$fby William Z. Savage and William K. Smith 210 1$aWashington :$cDepartment of the Interior, U.S. Geological Survey,$d1986. 215 $a1 online resource (iv, 32 pages) $cillustrations 225 1 $aU.S. Geological Survey professional paper ;$v1385 300 $a"An application of the theory of Coulomb plasticity to the flow of landslides." 320 $aIncludes bibliographical references (page 32). 606 $aLandslides$xMathematical models 606 $aPlasticity$xMathematical models 606 $aLandslides$xMathematical models$2fast 606 $aPlasticity$xMathematical models$2fast 615 0$aLandslides$xMathematical models. 615 0$aPlasticity$xMathematical models. 615 7$aLandslides$xMathematical models. 615 7$aPlasticity$xMathematical models. 700 $aSavage$b William Z.$01384338 702 $aSmith$b William K. 712 02$aGeological Survey (U.S.), 801 0$bCOP 801 1$bCOP 801 2$bOCLCO 801 2$bOCLCF 801 2$bCUS 801 2$bOCLCO 801 2$bGPO 906 $aBOOK 912 $a9910707077603321 996 $aA model for the plastic flow of landslides$93516073 997 $aUNINA LEADER 01673oam 2200493M 450 001 9910715786903321 005 20191123062010.8 035 $a(CKB)5470000002514202 035 $a(OCoLC)1065579815 035 $a(OCoLC)995470000002514202 035 $a(EXLCZ)995470000002514202 100 $a20070221d1851 ua 0 101 0 $aeng 135 $aurcn||||||||| 181 $ctxt$2rdacontent 182 $cc$2rdamedia 183 $acr$2rdacarrier 200 10$aAnthony G. Willis's heirs. (To accompany Bill H.R. No. 468.) February 18, 1851 210 1$a[Washington, D.C.] :$c[publisher not identified],$d1851. 215 $a1 online resource (2 pages) 225 1 $aHouse report / 31st Congress, 2nd session. House ;$vno. 24 225 1 $a[United States congressional serial set ] ;$v[serial no. 606] 300 $aBatch processed record: Metadata reviewed, not verified. Some fields updated by batch processes. 300 $aFDLP item number not assigned. 517 $aAnthony G. Willis's heirs. 606 $aClaims 606 $aHorses 606 $aRequisitions, Military 606 $aWagons 607 $aUnited States$xHistory$yWar of 1812 608 $aLegislative materials.$2lcgft 615 0$aClaims. 615 0$aHorses. 615 0$aRequisitions, Military. 615 0$aWagons. 701 $aCaldwell$b George A$g(George Alfred),$f1814-1866$pDemocrat (KY)$01390619 801 0$bWYU 801 1$bWYU 801 2$bOCLCO 801 2$bOCLCQ 906 $aBOOK 912 $a9910715786903321 996 $aAnthony G. Willis's heirs. (To accompany Bill H.R. No. 468.) February 18, 1851$93496364 997 $aUNINA